[Event "CZE-chT U20 Extraliga final-B 1415"]
[Site "Czech Republic"]
[Date "2015.04.25"]
[Round "10.1"]
[White "Wagner, Vojtech"]
[Black "Straka, Vojtech1111"]
[Result "1-0"]
[WhiteElo "1992"]
[BlackElo "1728"]
[PlyCount "131"]
[EventDate "2014.10.11"]
[EventType "team-tourn"]
[EventRounds "11"]
[EventCountry "CZE"]
[SourceTitle "EXT 2021"]
[Source "ChessBase"]
[SourceDate "2020.10.23"]
[SourceVersion "1"]
[SourceVersionDate "2020.10.23"]
[SourceQuality "1"]
[WhiteTeam "Hradec Kralove Ortex (U20)"]
[BlackTeam "Brno Lokomotiva (U20) II"]
[WhiteTeamCountry "CZE"]
[BlackTeamCountry "CZE"]

1. e4 e5 2. Nf3 Nc6 3. Bb5 d6 4. 0-0 Bd7 5. c3 Nf6 6. d3 Be7 7. h3 0-0 8. Ba4 a6 9. Nbd2 b5 10. Bc2 Re8 11. Re1 h6 12. Nf1 Bf8 13. Be3 Ne7 14. g4 Ng6 15. Qd2 Nh7 16. Ng3 Nh4 17. Nxh4 Qxh4 18. Kg2 c5 19. Rh1 Rad8 20. Rag1 Be6 21. Nf5 Bxf5 22. gxf5 d5 23. Qe2 Nf6 24. Kf1 d4 25. cxd4 cxd4 26. Bd2 Rc8 27. Bb3 Rc7 28. Rg3 Ra8 29. Qf3 a5 30. Rhg1 a4 31. Bd1 Rac8 32. Kg2 Kh7 33. Kh2 Kh8 34. Qg2 Ne8 35. Rg4 Qf6 36. Qg3 Be7 37. Kh1 Rc5 38. h4 Bf8 39. Bb4 Kg8 40. Bxc5 Rxc5 41. Qf3 Nd6 42. Qe2 Nb7 43. Qd2 Rc6 44. Kh2 Nc5 45. Kh3 a3 46. bxa3 Nxd3 47. Qxd3 Rc3 48. Qxc3 dxc3 49. Bb3 Qc6 50. f3 Kh8 51. R4g2 f6 52. Rd1 Qc5 53. Rd3 h5 54. Kh2 Kh7 55. Rc2 g5 56. fxg6+ Kxg6 57. Rdxc3 Qxa3 58. Rg2+ Kh6 59. Rc7 Qd6 60. Rf7 b4 61. Bd5 Be7 62. Rgg7 Bf8 63. Rg8 Qc5 64. Rxf6+ Kh7 65. Rg2 Bh6 66. Bg8+ 1-0

[Event "CZE-chT U20 Extraliga West 1415"]
[Site "Czech Republic"]
[Date "2015.01.24"]
[Round "6.1"]
[White "Liska, Jiri2222"]
[Black "Wagner, Vojtech"]
[Result "1-0"]
[WhiteElo "2017"]
[BlackElo "1992"]
[PlyCount "75"]
[EventDate "2014.10.11"]
[EventType "team-tourn"]
[EventRounds "11"]
[EventCountry "CZE"]
[SourceTitle "EXT 2021"]
[Source "ChessBase"]
[SourceDate "2020.10.23"]
[SourceVersion "1"]
[SourceVersionDate "2020.10.23"]
[SourceQuality "1"]
[WhiteTeam "Liberec Desko (U20)"]
[BlackTeam "Hradec Kralove Ortex (U20)"]
[WhiteTeamCountry "CZE"]
[BlackTeamCountry "CZE"]

1. d4 d5 2. Nf3 Nf6 3. c4 e6 4. g3 Be7 5. Bg2 0-0 6. 0-0 Nbd7 7. Qc2 c6 8. b3 b6 9. Rd1 Bb7 10. Nc3 Rc8 11. e4 dxe4 12. Nxe4 Nxe4 13. Qxe4 Bf6 14. Bf4 Qe7 15. Rac1 Rfd8 16. h4 Ba8 17. Qe2 c5 18. d5 Nf8 19. d6 Qe8 20. Rc2 Bc6 21. h5 Qd7 22. Be5 Bxf3 23. Bxf3 Bxe5 24. Qxe5 f6 25. Qe2 e5 26. Qe4 g6 27. Qh4 Kg7 28. h6+ Kf7 29. Bd5+ Ne6 30. Rcd2 Re8 31. Qh1 Qxd6 32. Bxe6+ Qxe6 33. Rd7+ Re7 34. R7d6 Qg4 35. Qd5+ Re6 36. Rd7+ Kg8 37. Qb7 Rce8 38. Rg7+ 1-0

[Event "CZE-chT U20 Extraliga West 1415"]
[Site "Czech Republic"]
[Date "2014.12.06"]
[Round "5.1"]
[White "Wagner, Vojtech"]
[Black "Rydl, Jiri"]
[Result "0-1"]
[WhiteElo "1992"]
[BlackElo "2203"]
[PlyCount "56"]
[EventDate "2014.10.11"]
[EventType "team-tourn"]
[EventRounds "11"]
[EventCountry "CZE"]
[SourceTitle "EXT 2021"]
[Source "ChessBase"]
[SourceDate "2020.10.23"]
[SourceVersion "1"]
[SourceVersionDate "2020.10.23"]
[SourceQuality "1"]
[WhiteTeam "Hradec Kralove Ortex (U20)"]
[BlackTeam "Vlasim (U20)"]
[WhiteTeamCountry "CZE"]
[BlackTeamCountry "CZE"]

1. e4 e6 2. d4 d5 3. e5 c5 4. c3 Nc6 5. Nf3 Qb6 6. Be2 Nh6 7. b3 cxd4 8. cxd4 Nf5 9. Bb2 Be7 10. h4 h5 11. g3 Bd7 12. 0-0 0-0-0 13. Kg2 Kb8 14. Qd2 f6 15. Rd1 fxe5 16. dxe5 Rdg8 17. Na3 g5 18. Nxg5 Bxg5 19. hxg5 h4 20. Bg4 Nce7 21. Nc2 hxg3 22. fxg3 d4 23. Nxd4 Nxd4 24. Qxd4 Bc6+ 25. Bf3 Bxf3+ 26. Kxf3 Qc6+ 27. Kg4 Nf5 28. Qf4 Qg2 0-1

[Event "CZE-chT U20 Extraliga West 1415"]
[Site "Czech Republic"]
[Date "2014.10.12"]
[Round "3.1"]
[White "Wagner, Vojtech"]
[Black "Petr, Jan1111"]
[Result "1/2-1/2"]
[WhiteElo "1992"]
[BlackElo "2140"]
[PlyCount "105"]
[EventDate "2014.10.11"]
[EventType "team-tourn"]
[EventRounds "11"]
[EventCountry "CZE"]
[SourceTitle "EXT 2021"]
[Source "ChessBase"]
[SourceDate "2020.10.23"]
[SourceVersion "1"]
[SourceVersionDate "2020.10.23"]
[SourceQuality "1"]
[WhiteTeam "Hradec Kralove Ortex (U20)"]
[BlackTeam "Praha Bohemians (U20)"]
[WhiteTeamCountry "CZE"]
[BlackTeamCountry "CZE"]

1. e4 e5 2. Nf3 Nc6 3. Bb5 f5 4. d3 Nf6 5. Qe2 Bc5 6. Nc3 0-0 7. Be3 Nd4 8. Bxd4 exd4 9. Na4 c6 10. Nxc5 Qa5+ 11. Nd2 Qxb5 12. Ncb3 Re8 13. a4 Qe5 14. Nc4 Qe7 15. e5 Qb4+ 16. Qd2 Nd5 17. Qxb4 Nxb4 18. Kd2 d5 19. exd6 Be6 20. Nxd4 Bxc4 21. dxc4 Rad8 22. c5 Re5 23. Kc3 a5 24. Kc4 Na6 25. Nb3 Re2 26. Rac1 Nb4 27. Nxa5 Re4+ 28. Kb3 Na6 29. Rhd1 Nxc5+ 30. Kc3 Nxa4+ 31. Kb3 Nc5+ 32. Kc3 Re2 33. f3 Rd7 34. Nc4 f4 35. Ra1 b5 36. Ra8+ Kf7 37. Kb4 Nb7 38. Rd2 Rxd2 39. Nxd2 Nxd6 40. Ra6 c5+ 41. Kc3 c4 42. Rb6 h6 43. Nb1 Ke6 44. Na3 Kd5 45. Nxb5 Nf5 46. Na3 Ne3 47. Nxc4 Nxc4 48. Rb5+ Kc6 49. Kxc4 Rd2 50. Rc5+ Kb6 51. Kb4 Rxg2 52. Rc4 g5 53. h4 1/2-1/2

[Event "CZE-ch U14"]
[Site "Kouty nad Desnou"]
[Date "2014.03.14"]
[Round "8"]
[White "Danek, Daniel"]
[Black "Wagner, Vojtech"]
[Result "1-0"]
[WhiteElo "1827"]
[BlackElo "1907"]
[PlyCount "135"]
[EventDate "2014.03.08"]
[EventType "swiss"]
[EventRounds "9"]
[EventCountry "CZE"]
[SourceTitle "EXT 2015"]
[Source "ChessBase"]
[SourceDate "2014.11.20"]
[SourceVersion "1"]
[SourceVersionDate "2014.11.20"]
[SourceQuality "1"]

1. e4 e5 2. Nf3 Nc6 3. Bb5 a6 4. Ba4 Nf6 5. d3 b5 6. Bb3 Be7 7. a4 Bb7 8. Nc3 b4 9. Nd5 0-0 10. 0-0 d6 11. Bd2 a5 12. c3 bxc3 13. bxc3 Ba6 14. Qc2 Nb8 15. Nxe7+ Qxe7 16. Rfe1 c5 17. Bg5 Nbd7 18. Nh4 c4 19. Bxc4 Bxc4 20. dxc4 Nc5 21. Rad1 Qe6 22. Bxf6 Qxf6 23. Nf5 Ra6 24. Rb1 Qe6 25. Ne3 Qd7 26. Rb5 Kh8 27. Rd1 Qc6 28. f3 g6 29. Ra1 Ne6 30. Qd2 Nc7 31. Rb2 Rc8 32. Kh1 Ne6 33. Rb5 Nc7 34. Rd1 h5 35. h3 Qd7 36. Nd5 Qd8 37. Nxc7 Qxc7 38. c5 dxc5 39. Qd7 Ra7 40. Qxc7 Rcxc7 41. Rd5 c4 42. Rxe5 Rd7 43. Red5 Rxd5 44. exd5 Kg7 45. Rc5 Kf6 46. Rxc4 Ke5 47. Rc5 Kd6 48. Rb5 Ke5 49. Kh2 h4 50. g3 Rc7 51. gxh4 Rxc3 52. Kg3 Ra3 53. Rxa5 f5 54. d6+ Kxd6 55. Ra6+ Ke5 56. Rxg6 Rxa4 57. h5 Ra8 58. h6 Rh8 59. Kh4 Kf4 60. Rf6 Kxf3 61. Rxf5+ Ke4 62. Rf6 Ke5 63. Rg6 Kf5 64. Kh5 Rh7 65. Rg7 Rh8 66. h7 Kf6 67. Kh6 Re8 68. Rg8 1-0

[Event "CZE-ch U14"]
[Site "Kouty nad Desnou"]
[Date "2014.03.09"]
[Round "2"]
[White "Vystrcil, Martin"]
[Black "Wagner, Vojtech"]
[Result "0-1"]
[WhiteElo "1783"]
[BlackElo "1907"]
[PlyCount "102"]
[EventDate "2014.03.08"]
[EventType "swiss"]
[EventRounds "9"]
[EventCountry "CZE"]
[SourceTitle "EXT 2015"]
[Source "ChessBase"]
[SourceDate "2014.11.20"]
[SourceVersion "1"]
[SourceVersionDate "2014.11.20"]
[SourceQuality "1"]

1. e4 c5 2. Nf3 Nc6 3. d4 cxd4 4. Nxd4 Nf6 5. Nc3 g6 6. Nxc6 bxc6 7. e5 Ng8 8. Bc4 Bg7 9. Qf3 f6 10. 0-0 f5 11. Bf4 Bb7 12. Na4 Qa5 13. Qb3 0-0-0 14. Rad1 h6 15. Bd2 Qc7 16. Nc5 Qb6 17. Qxb6 axb6 18. Nxd7 Kc7 19. Nc5 Bc8 20. Nd3 g5 21. g3 e6 22. f4 g4 23. Bb4 Bf8 24. Bxf8 Rxf8 25. Rd2 Ne7 26. Bb3 Rd8 27. Rfd1 Nd5 28. Bxd5 cxd5 29. Rc1 Ba6 30. Nb4 Kb7 31. h3 h5 32. hxg4 hxg4 33. Rh2 Rxh2 34. Kxh2 Be2 35. Nd3 Rh8+ 36. Kg1 Bf3 37. Nf2 Rc8 38. c3 Ra8 39. a3 Kc6 40. Rc2 Kb5 41. Nd3 Be4 42. Rd2 Rh8 43. Nf2 Bf3 44. Rd4 Ra8 45. Rb4+ Kc6 46. c4 d4 47. b3 Rxa3 48. Nd3 Be4 49. Ne1 d3 50. Kf2 Ra2+ 51. Kf1 d2 0-1

[Event "Czech Fed-ch U14"]
[Site "Hrdonov"]
[Date "2013.11.01"]
[Round "8"]
[White "Wagner, Vojtech"]
[Black "Jelinek, Michal"]
[Result "0-1"]
[WhiteElo "1887"]
[BlackElo "1849"]
[PlyCount "56"]
[EventDate "2013.10.26"]
[EventType "swiss"]
[EventRounds "9"]
[EventCountry "CZE"]
[SourceTitle "EXT 2016"]
[Source "ChessBase"]
[SourceDate "2015.10.08"]
[SourceVersion "1"]
[SourceVersionDate "2015.10.08"]
[SourceQuality "1"]

1. e4 e5 2. Nf3 Nc6 3. d4 exd4 4. Bc4 Nf6 5. e5 Ne4 6. Bd5 Nc5 7. 0-0 Be7 8. Bxc6 bxc6 9. Nxd4 0-0 10. f4 f6 11. Nc3 fxe5 12. fxe5 Ba6 13. Rxf8+ Qxf8 14. Be3 Qf7 15. b3 Rf8 16. Nf3 d5 17. Qd4 Qg6 18. Qd1 Ne6 19. Kh1 Nf4 20. Qd2 Qg4 21. a3 Nxg2 22. Qxg2 Qxf3 23. Qxf3 Rxf3 24. Bd4 c5 25. Nxd5 cxd4 26. Nxe7+ Kf8 27. Nd5 Bb7 28. c4 dxc3 0-1

[Event "Czech Fed-ch U14"]
[Site "Hrdonov"]
[Date "2013.10.31"]
[Round "7"]
[White "Novy, Filip"]
[Black "Wagner, Vojtech"]
[Result "1-0"]
[WhiteElo "1803"]
[BlackElo "1887"]
[PlyCount "117"]
[EventDate "2013.10.26"]
[EventType "swiss"]
[EventRounds "9"]
[EventCountry "CZE"]
[SourceTitle "EXT 2016"]
[Source "ChessBase"]
[SourceDate "2015.10.08"]
[SourceVersion "1"]
[SourceVersionDate "2015.10.08"]
[SourceQuality "1"]

1. e4 e5 2. Nf3 Nc6 3. d4 exd4 4. Bc4 Nf6 5. e5 d5 6. Bb5 Ne4 7. Nxd4 Bd7 8. Bxc6 bxc6 9. 0-0 Bc5 10. f3 Ng5 11. f4 Ne4 12. Be3 Qe7 13. Nd2 Nxd2 14. Qxd2 Bb6 15. Nb3 0-0 16. Qc3 Rab8 17. a4 Bf5 18. Rf2 Be4 19. Bc5 Qh4 20. a5 Bxc5 21. Nxc5 Qg4 22. Re1 Bf5 23. b4 Bc8 24. Qd4 Re8 25. c3 Qh4 26. Nb3 Rb7 27. Qc5 Bd7 28. Qe3 Bf5 29. Nd4 Be4 30. Nxc6 f6 31. exf6 Qxf6 32. Ne5 a6 33. Nd7 Qc6 34. Nc5 Rbb8 35. Rfe2 Bg6 36. Qd4 Bf7 37. Qd3 Rxe2 38. Rxe2 Qd6 39. g3 Rb5 40. Qd4 Rb8 41. Qe5 d4 42. Qxd6 cxd6 43. Nxa6 Ra8 44. Nc7 Rc8 45. Nb5 Bc4 46. Nxd4 Bxe2 47. Nxe2 Ra8 48. Kf2 Kf7 49. Ke3 Ke6 50. Ke4 d5+ 51. Kd4 Kd6 52. f5 Rf8 53. g4 Re8 54. Kd3 Re4 55. h3 h5 56. Ng3 hxg4 57. Nxe4+ dxe4+ 58. Kxe4 gxh3 59. Kf3 1-0

[Event "Czech Fed-ch U14"]
[Site "Hrdonov"]
[Date "2013.10.29"]
[Round "4"]
[White "Wagner, Vojtech"]
[Black "Steinbauer, Filip"]
[Result "1-0"]
[WhiteElo "1887"]
[BlackElo "1604"]
[PlyCount "51"]
[EventDate "2013.10.26"]
[EventType "swiss"]
[EventRounds "9"]
[EventCountry "CZE"]
[SourceTitle "EXT 2016"]
[Source "ChessBase"]
[SourceDate "2015.10.08"]
[SourceVersion "1"]
[SourceVersionDate "2015.10.08"]
[SourceQuality "1"]

1. e4 c5 2. Nf3 Nc6 3. d4 cxd4 4. Nxd4 g6 5. Nc3 Bg7 6. Be3 Nf6 7. f3 0-0 8. Qd2 d6 9. Bc4 Bd7 10. 0-0-0 Rc8 11. Bb3 Ne5 12. g4 Nc4 13. Bxc4 Rxc4 14. h4 Qa5 15. Nb3 Qa6 16. Kb1 Rfc8 17. Bh6 Bh8 18. h5 b5 19. hxg6 hxg6 20. Bg5 Bg7 21. Rc1 Rxc3 22. bxc3 Nxe4 23. fxe4 Bxc3 24. Bxe7 f6 25. Qxd6 Bc6 26. Bxf6 1-0

[Event "Czech Fed-ch U14"]
[Site "Hrdonov"]
[Date "2013.10.28"]
[Round "3"]
[White "Parizek, Vojtech"]
[Black "Wagner, Vojtech"]
[Result "0-1"]
[WhiteElo "1710"]
[BlackElo "1887"]
[PlyCount "120"]
[EventDate "2013.10.26"]
[EventType "swiss"]
[EventRounds "9"]
[EventCountry "CZE"]
[SourceTitle "EXT 2016"]
[Source "ChessBase"]
[SourceDate "2015.10.08"]
[SourceVersion "1"]
[SourceVersionDate "2015.10.08"]
[SourceQuality "1"]

1. e4 e5 2. Nf3 Nc6 3. Bb5 a6 4. Ba4 Nf6 5. 0-0 d6 6. Re1 Be7 7. c3 b5 8. Bb3 0-0 9. h3 Na5 10. Bc2 c5 11. d4 Qc7 12. Nbd2 cxd4 13. cxd4 Bb7 14. Nf1 Rfe8 15. d5 g6 16. g4 Bf8 17. Ng3 Bg7 18. Bd3 Bc8 19. b3 Nb7 20. Be3 Rf8 21. Rc1 Qe7 22. b4 Ne8 23. Qd2 Bd7 24. Rc2 Qd8 25. Rec1 f6 26. Kh1 Rf7 27. a3 Bf8 28. Kh2 Ng7 29. Rc7 Nc5 30. R7xc5 dxc5 31. bxc5 Be8 32. Bb1 Kh8 33. Ba2 Rc7 34. Ne1 Rcc8 35. Nd3 a5 36. c6 Bxa3 37. Rc2 Bd6 38. Nc5 b4 39. Nb7 Qc7 40. Bb6 Qxb6 41. Nxd6 Rc7 42. Nxe8 Rxe8 43. Qd3 Rd8 44. Qc4 Ne8 45. d6 Nxd6 46. Qe6 Kg7 47. g5 Rf7 48. c7 Rc8 49. Rd2 Rcxc7 50. Qxd6 Qxd6 51. Rxd6 Rf8 52. Ra6 Rc5 53. Ra7+ Kh8 54. gxf6 Rxf6 55. Ra8+ Kg7 56. Rg8+ Kh6 57. Kg1 Rc1+ 58. Kg2 Rc2 59. Bb3 Rcxf2+ 60. Kg1 Rb2 0-1

[Event "Czech Fed-ch U14"]
[Site "Hrdonov"]
[Date "2013.10.26"]
[Round "1"]
[White "Koucha, Maryam Amina"]
[Black "Wagner, Vojtech"]
[Result "0-1"]
[WhiteElo "1524"]
[BlackElo "1887"]
[PlyCount "62"]
[EventDate "2013.10.26"]
[EventType "swiss"]
[EventRounds "9"]
[EventCountry "CZE"]
[SourceTitle "EXT 2016"]
[Source "ChessBase"]
[SourceDate "2015.10.08"]
[SourceVersion "1"]
[SourceVersionDate "2015.10.08"]
[SourceQuality "1"]

1. e4 c5 2. c3 d5 3. exd5 Qxd5 4. d4 Nc6 5. Nf3 Bg4 6. Be2 e6 7. 0-0 Nf6 8. Be3 Be7 9. c4 Qd8 10. dxc5 0-0 11. Nc3 Rc8 12. h3 Bh5 13. Qc2 Bg6 14. Qd1 Nd7 15. Nb5 Nxc5 16. Nfd4 a6 17. Nxc6 Rxc6 18. Nc3 Qc7 19. Bf3 Rd8 20. Qe1 Nd3 21. Qe2 Rxc4 22. Rfd1 Bf6 23. Qd2 Ne5 24. Qe2 Bd3 25. Qe1 Nxf3+ 26. gxf3 Rh4 27. Kg2 Bf5 28. Rac1 Rxh3 29. Ne4 Qh2+ 30. Kf1 Qh1+ 31. Ke2 Qxf3+ 0-1

[Event "Czech Fed-ch U14"]
[Site "Hrdonov"]
[Date "2012.10.21"]
[Round "2"]
[White "Sucharda, David"]
[Black "Wagner, Vojtech"]
[Result "0-1"]
[WhiteElo "1631"]
[BlackElo "1813"]
[PlyCount "50"]
[EventDate "2012.10.20"]
[EventType "swiss"]
[EventRounds "9"]
[EventCountry "CZE"]
[SourceTitle "CBM 151 Extra"]
[Source "ChessBase"]
[SourceDate "2012.12.18"]
[SourceVersion "1"]
[SourceVersionDate "2012.12.18"]
[SourceQuality "1"]

1. e4 c5 2. Nc3 Nc6 3. g3 d6 4. Bg2 Nf6 5. d3 Bg4 6. f3 Bd7 7. Nge2 e6 8. 0-0 Be7 9. Kh1 0-0 10. f4 a6 11. Be3 Qb6 12. Rb1 Nd4 13. h3 Bc6 14. g4 Nxe2 15. Qxe2 Qc7 16. g5 Nd7 17. Qh5 f5 18. gxf6 Nxf6 19. Qe2 b5 20. f5 b4 21. Nd1 exf5 22. Rxf5 Rad8 23. Bf4 Bd7 24. Rg5 Ne8 25. Bxd6 Nxd6 0-1

[Event "CZE-ch U12"]
[Site "Kouty nad Desnou"]
[Date "2012.03.16"]
[Round "8"]
[White "Wagner, Vojtech"]
[Black "Lojek, Marek"]
[Result "1/2-1/2"]
[WhiteElo "1662"]
[BlackElo "1672"]
[PlyCount "188"]
[EventDate "2012.03.10"]
[EventType "swiss"]
[EventRounds "9"]
[EventCountry "CZE"]
[SourceTitle "EXT 2013"]
[Source "ChessBase"]
[SourceDate "2012.11.22"]
[SourceVersion "1"]
[SourceVersionDate "2012.11.22"]
[SourceQuality "1"]

1. e4 e5 2. Nf3 Nc6 3. Bb5 a6 4. Ba4 Nf6 5. 0-0 Be7 6. Re1 b5 7. Bb3 d6 8. c3 Na5 9. Bc2 c5 10. h3 0-0 11. d3 Qc7 12. Nbd2 Be6 13. Nf1 Rac8 14. g4 h5 15. g5 Nh7 16. Kh2 Qd7 17. Ng1 Nxg5 18. Qxh5 g6 19. Qh6 Qd8 20. Ng3 Nh7 21. N1e2 Bg5 22. Bxg5 Qxg5 23. Qxg5 Nxg5 24. Ng1 Kg7 25. Re3 Rh8 26. Nf1 f5 27. exf5 gxf5 28. f4 exf4 29. Ree1 Kf6 30. a4 Nc6 31. axb5 axb5 32. Ra6 Ne5 33. Nd2 Rxh3+ 34. Nxh3 Ngf3+ 35. Kh1 Nxe1 36. Bb1 Bd5+ 37. Kg1 N5f3+ 38. Nxf3 Nxf3+ 39. Kf2 Ke5 40. Ba2 Bxa2 41. Rxa2 Rg8 42. Ra7 Nh4 43. Rh7 Rg4 44. Ng1 Kd5 45. Ne2 f3 46. Ng3 f4 47. Rh5+ Kc6 48. Ne4 Rg2+ 49. Kf1 Ng6 50. b3 d5 51. Nf2 d4 52. cxd4 cxd4 53. b4 Ne7 54. Re5 Kb6 55. Rh5 Nc6 56. Rh6 Kc7 57. Rh7+ Kc8 58. Rh8+ Kd7 59. Rh7+ Ke8 60. Rb7 Nxb4 61. Rxb5 Nc2 62. Re5+ Kd7 63. Re4 Ne3+ 64. Ke1 Rg1+ 65. Kd2 Nf1+ 66. Kc2 Rg2 67. Rxd4+ Ke6 68. Rxf4 Rxf2+ 69. Kc1 Nd2 70. Kd1 Rh2 71. Ke1 Ke5 72. Rf8 Kd4 73. Rd8+ Ke3 74. Re8+ Kxd3 75. Rd8+ Kc3 76. Rc8+ Nc4 77. Kf1 Kd3 78. Rd8+ Ke4 79. Re8+ Ne5 80. Kg1 f2+ 81. Kf1 Kf3 82. Rf8+ Ke3 83. Rf3+ Ke4 84. Rxf2 Rh4 85. Kg2 Rg4+ 86. Kh3 Rg8 87. Rf1 Nf3 88. Ra1 Kf4 89. Ra4+ Kf5 90. Ra5+ Ne5 91. Rb5 Kf4 92. Rb4+ Ke3 93. Rb3+ Nd3 94. Ra3 Rg7 1/2-1/2

[Event "CZE-ch U12"]
[Site "Kouty nad Desnou"]
[Date "2012.03.12"]
[Round "4"]
[White "Wagner, Vojtech"]
[Black "Plsek, Antonin"]
[Result "1-0"]
[WhiteElo "1662"]
[BlackElo "1472"]
[PlyCount "93"]
[EventDate "2012.03.10"]
[EventType "swiss"]
[EventRounds "9"]
[EventCountry "CZE"]
[SourceTitle "EXT 2013"]
[Source "ChessBase"]
[SourceDate "2012.11.22"]
[SourceVersion "1"]
[SourceVersionDate "2012.11.22"]
[SourceQuality "1"]

1. e4 e5 2. Nf3 Nc6 3. d4 exd4 4. Bc4 Bc5 5. c3 dxc3 6. Bxf7+ Kxf7 7. Qd5+ Ke8 8. Qxc5 d6 9. Qxc3 Qf6 10. Bg5 Qxc3+ 11. Nxc3 Be6 12. 0-0-0 h6 13. Bf4 Nge7 14. Nb5 Rc8 15. Kb1 a6 16. Nbd4 Bd7 17. Rc1 Rf8 18. Bg3 g6 19. Rhe1 Nb4 20. Rc3 Nec6 21. a3 Nxd4 22. Nxd4 Nc6 23. Nf3 Bg4 24. Nd2 g5 25. f3 Be6 26. Rce3 Rd8 27. Kc1 Nd4 28. e5 Nf5 29. exd6 Nxe3 30. Rxe3 Kd7 31. dxc7 Rde8 32. Ne4 Bf5 33. Rd3+ Kc6 34. Rc3+ Kd7 35. Nd6 Ra8 36. Nxb7 Rf6 37. Nc5+ Kc8 38. Re3 Bg6 39. b4 Rc6 40. Kb2 a5 41. Re7 axb4 42. axb4 Rb6 43. Rd7 Rxb4+ 44. Kc3 Rf4 45. Bxf4 gxf4 46. Rd8+ Kxc7 47. Rxa8 1-0

[Event "CZE-ch U12"]
[Site "Kouty nad Desnou"]
[Date "2011.03.15"]
[Round "5"]
[White "Wagner, Vojtech"]
[Black "Kozusek, Daniel"]
[Result "1/2-1/2"]
[WhiteElo "1640"]
[BlackElo "1701"]
[PlyCount "160"]
[EventDate "2011.03.12"]
[EventType "swiss"]
[EventRounds "9"]
[EventCountry "CZE"]
[SourceTitle "EXT 2014"]
[Source "ChessBase"]
[SourceDate "2013.11.20"]
[SourceVersion "1"]
[SourceVersionDate "2013.11.20"]
[SourceQuality "1"]

1. e4 c5 2. Nf3 e6 3. d4 cxd4 4. Nxd4 Nc6 5. Nxc6 bxc6 6. Bd3 Nf6 7. 0-0 d5 8. Nd2 Bd6 9. Qe2 Qc7 10. h3 0-0 11. b3 Re8 12. Bb2 e5 13. Rfe1 Bb7 14. c4 Qe7 15. cxd5 cxd5 16. exd5 Nxd5 17. Be4 Bb4 18. Red1 Bxd2 19. Rxd2 Nf4 20. Qf3 Bxe4 21. Qxe4 Nxh3+ 22. Kf1 Ng5 23. Qe3 f5 24. Re1 Ne4 25. Rd5 Qb7 26. Qd3 Qb6 27. Re2 Rac8 28. Qh3 Qa6 29. Qxf5 Ng3+ 30. fxg3 Rf8 31. Qxf8+ Rxf8+ 32. Ke1 Qxa2 33. Bxe5 Qb1+ 34. Rd1 Rf1+ 35. Kxf1 Qxd1+ 36. Kf2 Qxb3 37. Bf4 a5 38. Re8+ Kf7 39. Ra8 Qb6+ 40. Ke1 Qb1+ 41. Kf2 Qa2+ 42. Kg1 h6 43. Kh2 Qa1 44. Bd6 a4 45. Ra5 Ke6 46. Bf8 g6 47. Bxh6 Qh8 48. Rxa4 Qxh6+ 49. Rh4 Qe3 50. Rh8 Kf5 51. Rh3 Qf2 52. Rh4 g5 53. Ra4 Qc5 54. Ra8 Qc6 55. Ra5+ Ke4 56. Ra2 Qc4 57. Ra8 Qb3 58. Rf8 Qe6 59. Rf1 Qh6+ 60. Kg1 Ke3 61. Rf3+ Ke4 62. Rf1 Qb6+ 63. Kh2 Ke3 64. Kh1 Ke2 65. Rf3 Qe6 66. Kg1 Qb6+ 67. Kh2 Qh6+ 68. Kg1 Qb6+ 69. Kh2 g4 70. Rf4 Qe6 71. Kg1 Ke1 72. Kh2 Kd2 73. Kg1 Qb3 74. Kh2 Qg8 75. Kh1 Ke3 76. Kh2 Qg5 77. Kh1 Qg7 78. Kh2 Qh6+ 79. Kg1 Qxf4 80. gxf4 Kxf4 1/2-1/2

[Event "CZE-ch U12"]
[Site "Kouty nad Desnou"]
[Date "2011.03.13"]
[Round "2"]
[White "Wagner, Vojtech"]
[Black "Lojek, Marek"]
[Result "1-0"]
[WhiteElo "1640"]
[BlackElo "1546"]
[PlyCount "91"]
[EventDate "2011.03.12"]
[EventType "swiss"]
[EventRounds "9"]
[EventCountry "CZE"]
[SourceTitle "EXT 2014"]
[Source "ChessBase"]
[SourceDate "2013.11.20"]
[SourceVersion "1"]
[SourceVersionDate "2013.11.20"]
[SourceQuality "1"]

1. e4 e5 2. Nf3 Nc6 3. Bb5 a6 4. Ba4 Nf6 5. 0-0 Be7 6. Re1 b5 7. Bb3 Na5 8. Nxe5 Nxb3 9. axb3 d6 10. Nc6 Qd7 11. Nxe7 Qxe7 12. d4 0-0 13. Bg5 h6 14. Bh4 g5 15. Bg3 Re8 16. Nc3 Bb7 17. h4 b4 18. hxg5 bxc3 19. gxf6 Qxf6 20. e5 dxe5 21. Qg4+ Qg6 22. Qxg6+ fxg6 23. bxc3 exd4 24. cxd4 c6 25. Bd6 Kf7 26. Re3 Rad8 27. Bc5 Rxe3 28. fxe3 Re8 29. Rf1+ Kg7 30. Re1 h5 31. Kf2 g5 32. e4 Re6 33. e5 Bc8 34. c4 Bb7 35. Ke3 Re8 36. Ke4 Kg6 37. Rf1 a5 38. Rf6+ Kg7 39. Kf5 g4 40. e6 Bc8 41. d5 cxd5 42. cxd5 h4 43. Rg6+ Kh8 44. Rxg4 Rd8 45. Bd4+ Kh7 46. Rxh4+ 1-0

[Event "CZE-ch U10"]
[Site "Kouty nad Desnou"]
[Date "2010.03.10"]
[Round "6"]
[White "Vykouk, Jan"]
[Black "Wagner, Vojtech"]
[Result "1-0"]
[WhiteElo "1631"]
[BlackElo "1409"]
[PlyCount "113"]
[EventDate "2010.03.06"]
[EventType "swiss"]
[EventRounds "9"]
[EventCountry "CZE"]
[SourceTitle "EXT 2012"]
[Source "ChessBase"]
[SourceDate "2011.11.24"]
[SourceVersion "1"]
[SourceVersionDate "2011.11.24"]
[SourceQuality "1"]

1. e4 e5 2. Nf3 Nc6 3. Bc4 Nf6 4. d3 Bc5 5. c3 0-0 6. b4 Bb6 7. a4 a6 8. Bg5 h6 9. Bh4 d6 10. Nbd2 Be6 11. 0-0 Qe7 12. Re1 Bxc4 13. Nxc4 Ba7 14. Ne3 Qe6 15. Bxf6 Qxf6 16. Nd5 Qd8 17. d4 exd4 18. Nxd4 Ne7 19. Re3 Nxd5 20. exd5 Qf6 21. Rf3 Qg5 22. Rg3 Qxd5 23. Qg4 Qe5 24. Nf5 Rfe8 25. h3 g6 26. Nxh6+ Kg7 27. Nf5+ Kf8 28. Nh4 Qe6 29. Qf3 Ke7 30. Qxb7 Kd7 31. Qf3 Qe7 32. Qg4+ Qe6 33. Qf4 Re7 34. Nf3 Qe2 35. Nd4 Qb2 36. Rd1 Qa2 37. Qg4+ Ke8 38. a5 Re5 39. Qf3 Qd5 40. Qxd5 Rxd5 41. Re1+ Kd7 42. Re4 c5 43. Nb3 Rd1+ 44. Kh2 d5 45. Rh4 Bb8 46. Nxc5+ Kc6 47. f4 Rf1 48. Rf3 Rxf3 49. gxf3 g5 50. Rh6+ Kb5 51. Kg2 Bxf4 52. Rf6 Bd2 53. Rxf7 Bxc3 54. Rb7+ Kc4 55. Na4 Bxb4 56. Nb6+ Kc3 57. Nxd5+ 1-0

[Event "CZE-ch U10"]
[Site "Kouty nad Desnou"]
[Date "2010.03.08"]
[Round "4"]
[White "Zavadil, Filip"]
[Black "Wagner, Vojtech"]
[Result "1/2-1/2"]
[WhiteElo "1250"]
[BlackElo "1409"]
[PlyCount "74"]
[EventDate "2010.03.06"]
[EventType "swiss"]
[EventRounds "9"]
[EventCountry "CZE"]
[SourceTitle "EXT 2012"]
[Source "ChessBase"]
[SourceDate "2011.11.24"]
[SourceVersion "1"]
[SourceVersionDate "2011.11.24"]
[SourceQuality "1"]

1. e4 e5 2. Nf3 Nc6 3. Nc3 Nf6 4. Bb5 Bb4 5. 0-0 0-0 6. d3 Bxc3 7. bxc3 d6 8. Bg5 Bg4 9. Bxc6 bxc6 10. d4 h6 11. Bh4 g5 12. Bg3 Nxe4 13. Qd3 Nxg3 14. fxg3 Bxf3 15. Qxf3 f5 16. Qxc6 e4 17. Qd5+ Kh8 18. Rxf5 Rxf5 19. Qxf5 d5 20. h4 c6 21. hxg5 Qxg5 22. Qxg5 hxg5 23. Rb1 Kg7 24. Rb7+ Kf6 25. Rc7 Kf5 26. Rxc6 Rd8 27. c4 e3 28. Kf1 dxc4 29. Rxc4 Ke4 30. Ke2 Rxd4 31. Rxd4+ Kxd4 32. c4 Kxc4 33. Kxe3 a5 34. Kd2 a4 35. Kc2 a3 36. Kd2 g4 37. Kc2 Kb4 1/2-1/2